[Event "Munich"]
[Site "Munich"]
[Date "1990.??.??"]
[Round "?"]
[White "Huebner, Robert"]
[Black "Kindermann, Stefan"]
[Result "0-1"]
[WhiteElo "2595"]
[BlackElo "2560"]
[Annotator "Knaak,R"]
[PlyCount "98"]
[EventDate "1990.04.??"]
[EventType "tourn"]
[EventRounds "11"]
[EventCountry "GER"]
[EventCategory "13"]
[SourceTitle "CBM 018"]
[Source "ChessBase"]
[SourceDate "1990.10.01"]
[SourceVersion "1"]
[SourceVersionDate "1990.10.01"]
[SourceQuality "1"]

1. e4 e6 2. d4 d5 3. Nc3 Bb4 4. e5 c5 5. a3 Bxc3+ 6. bxc3 Ne7 7. Qg4 O-O 8. Nf3
(8. Bd3 $1) 8... Nbc6 9. Bd3 f5 10. exf6 Rxf6 11. Bg5 e5 $1 12. Bxh7+ Kxh7 13.
Qh5+ Kg8 14. Bxf6 gxf6 15. dxe5 Qf8 16. O-O-O $6 {Zwar wird so der schwache
Punkt c2 gedeckt, aber der Bauer e5 sollte wohl wichtiger sein.} (16. O-O $13)
16... fxe5 $17 17. Rhe1 Qf4+ 18. Rd2 Bg4 19. Qg5+ Qxg5 20. Nxg5 Rf8 21. h3 Bc8
22. g3 d4 23. cxd4 cxd4 24. f4 exf4 25. gxf4 Rxf4 26. Rg2 Kf8 27. Rg3 Bf5 28.
Rf3 Rxf3 29. Nxf3 Bxh3 30. Re4 d3 31. cxd3 Bf5 32. Rf4 Ke8 33. Kd2 Bg6 34. Nd4
Nxd4 35. Rxd4 Bf7 36. Ra4 Nc6 37. Rh4 Ke7 38. Kc3 b5 39. a4 a6 40. axb5 axb5
41. Rh6 Be6 42. Rh5 b4+ 43. Kb2 Kd6 44. Rb5 Bd5 45. Kc1 Ke5 46. Kd2 Kd4 47. Rb7
Kc5 48. Ke3 b3 49. Kd2 Nb4 0-1

[Event "Belgrade Investbank"]
[Site "Belgrade"]
[Date "1989.11.??"]
[Round "7"]
[White "Ehlvest, Jaan"]
[Black "Nikolic, Predrag"]
[Result "1/2-1/2"]
[WhiteElo "2620"]
[BlackElo "2600"]
[Annotator "Knaak,R"]
[PlyCount "87"]
[EventDate "1989.11.??"]
[EventType "tourn"]
[EventRounds "11"]
[EventCountry "YUG"]
[EventCategory "15"]
[SourceTitle "CBM 016"]
[Source "ChessBase"]
[SourceDate "1990.06.01"]
[SourceVersion "1"]
[SourceVersionDate "1990.06.01"]
[SourceQuality "1"]

1. e4 e6 2. d4 d5 3. Nc3 Bb4 4. e5 c5 5. a3 Bxc3+ 6. bxc3 Ne7 7. Nf3 b6 8. Bb5+
Bd7 9. Bd3 Qc7 {An dieser Stelle neu. 9...c4 10.Lf1 und 9...La4 10.Sg5!? sind
die Alternativen} 10. O-O {10.a4+/=} Ba4 $10 11. Re1 h6 12. Ra2 Nd7 {Mit der
Aufstellung seiner Springer beugt Schwarz einer Öffnung des Zentrums vor.} 13.
Nh4 O-O-O 14. g3 Kb8 15. Rb2 Ka8 16. Ng2 Nc6 {Da ein Schließen der Stellung
mittels c5-c4 noch nicht erfolgt ist, muß Weiß bei seinen Aktionen am
Königsflügel stets auch mit cxd4 rechnen.} 17. Qg4 Rhg8 18. Be3 (18. Bh7 $2 f5
19. exf6 Nxf6 $19) 18... c4 19. Bf1 f5 $1 {Ein Bauernopfer, welches Weiß
schlecht ablehnen kann.} 20. exf6 Nxf6 21. Qxe6 Rge8 22. Qf5 Ne4 $44 {Die
weißen Schwächen am Damenflügel kompensieren den geopferten Bauern.
Andererseits spielt auch die Bauernschwäche d5 eine Rolle.} 23. Nf4 Qd6 24. Bh3
Nb8 (24... Qxa3 $2 25. Nxd5 Qxb2 26. Nc7+ Kb7 27. Nxe8 Rxe8 28. Qd7+ $18) (
24... Ne7 25. Qf7 Qxa3 26. Rbb1 $13) 25. Bg2 Bc6 (25... Qxa3 $2 26. Nxd5 Rxd5
27. Bxe4 $1 (27. Qxd5+ Bc6) 27... Rxe4 28. Qxe4 Bc6 29. Rbb1 $18) 26. Ra2 $6 (
26. Bxe4 $13 {Nikolic}) 26... Nxc3 27. Raa1 g5 28. Ne2 Bd7 29. Qf7 Re7 30. Qh5
Be8 31. Qh3 Ne4 $6 (31... Na4 $17) 32. Bxe4 Rxe4 33. Nc3 $10 {>< d5} Re7 34.
Bd2 Bd7 35. Qg2 Bc6 36. Rxe7 Qxe7 37. a4 Qh7 38. Rc1 Qf5 39. h3 Bb7 40. Be3 Nc6
41. g4 Qf6 42. Rd1 Ne7 43. Qg3 Ng6 44. a5 1/2-1/2

[Event "Baden-Baden-B"]
[Site "Baden-Baden"]
[Date "1992.12.05"]
[Round "1"]
[White "Tischbierek, Raj"]
[Black "Uhlmann, Wolfgang"]
[Result "1-0"]
[WhiteElo "2495"]
[BlackElo "2480"]
[Annotator "Knaak,R"]
[PlyCount "69"]
[EventDate "1992.12.??"]
[EventType "tourn"]
[EventRounds "11"]
[EventCountry "GER"]
[EventCategory "11"]
[SourceTitle "CBM 033"]
[Source "ChessBase"]
[SourceDate "1993.04.01"]
[SourceVersion "1"]
[SourceVersionDate "1993.04.01"]
[SourceQuality "1"]

1. e4 e6 2. d4 d5 3. Nc3 Bb4 4. e5 Ne7 5. a3 Bxc3+ 6. bxc3 c5 7. h4 Nbc6 8. h5
Qa5 9. Bd2 Bd7 10. h6 gxh6 11. Nf3 O-O-O 12. Bd3 (12. a4 $6 {Mainka-Uhlmann/
Baden-Baden/1992}) 12... c4 13. Be2 Ng8 $1 14. Kf1 f6 15. Qe1 fxe5 16. dxe5 Rf8
17. g3 Be8 $2 (17... Qc7 {(Uhlmann)} 18. Bf4 Nce7 19. Nd4 Ng6 $13) 18. Nd4 $1
$16 Nd8 19. Bg4 Bd7 20. Kg2 Nc6 21. Bxe6 Bxe6 22. Nxe6 Re8 23. Nd4 Qa4 (23...
Rxe5 24. Nxc6 $18) (23... Nxe5 24. f4 $18) 24. Bf4 Nge7 25. Qd2 Ng6 26. Nf5 $1
Kb8 27. Rab1 Ncxe5 28. Bxe5+ Rxe5 29. Nd6 $18 Qc6 30. Rxb7+ (30. Nf7 $2 d4+ $13
) 30... Ka8 31. Qd4 Qa6 32. Rhb1 Rf8 33. Rd7 Rb8 34. Rxb8+ Kxb8 35. Qc5 1-0

[Event "CHN-CIS"]
[Site "Beijing"]
[Date "1991.??.??"]
[Round "?"]
[White "Wang, Zili"]
[Black "Lputian, Smbat G"]
[Result "0-1"]
[WhiteElo "2495"]
[BlackElo "2570"]
[Annotator "Knaak,R"]
[PlyCount "66"]
[EventDate "1991.??.??"]
[EventType "team"]
[EventRounds "9"]
[EventCountry "CHN"]
[SourceTitle "CBM 028"]
[Source "ChessBase"]
[SourceDate "1992.06.01"]
[SourceVersion "1"]
[SourceVersionDate "1992.06.01"]
[SourceQuality "1"]

1. e4 e6 2. d4 d5 3. Nc3 Bb4 4. e5 c5 5. a3 Ba5 6. b4 cxd4 7. Qg4 Ne7 8. bxa5
dxc3 9. Qxg7 Rg8 10. Qxh7 Nbc6 11. Nf3 Qc7 12. Bf4 Bd7 13. Bg3 {N} (13. Bd3 {
Hauptvariante} Nxa5 {N; war vielleicht auch hier geplant.} 14. O-O (14. Bg5 $4
Rxg5 $19) 14... Nc4 15. Nd4 O-O-O $10) 13... Nxa5 $1 14. Bd3 Nc4 15. O-O Nb2 {
Eine interessante Idee.} 16. Rfb1 Nxd3 17. Qxd3 Nf5 $15 18. Rb3 Rc8 19. Rab1 b5
20. Rb4 Qc5 21. R1b3 a5 22. Rf4 Qc4 $3 23. Rxc4 dxc4 24. Qxc3 cxb3 25. Qxb3 Rg4
$17 {קc2, Bg3, Nf3} 26. h4 Rgc4 27. Qd3 (27. Ne1 Rc3) 27... Rxc2 28. h5 R8c4
29. h6 $6 Nxh6 30. Qh7 Rc1+ 31. Kh2 Ng4+ 32. Kh3 Rh1+ 33. Nh2 Rxh2+ $1 (33...
Rxh2+ 34. Bxh2 Nxf2+ 35. Kg3 Ne4+ 36. Kf3 (36. Kf4 Nf6+ $19) 36... Ng5+ $19)
0-1

[Event "POL-ch 57th"]
[Site "Plock"]
[Date "2000.05.02"]
[Round "5"]
[White "Hnydiuk, Aleksander"]
[Black "Grabarczyk, Bogdan"]
[Result "1-0"]
[WhiteElo "2352"]
[BlackElo "2394"]
[Annotator "Konikowski,J"]
[PlyCount "67"]
[EventDate "2000.04.28"]
[EventType "tourn"]
[EventRounds "13"]
[EventCountry "POL"]
[EventCategory "10"]
[SourceTitle "CBM 078"]
[Source "ChessBase"]
[SourceDate "2000.10.18"]
[SourceVersion "1"]
[SourceVersionDate "2000.10.18"]
[SourceQuality "1"]

1. e4 e6 2. d4 d5 3. Nc3 Bb4 4. e5 c5 5. a3 Bxc3+ 6. bxc3 Qc7 7. Nf3 Nd7 (7...
f5 8. c4 Ne7 9. cxd5 Nxd5 10. Bb5+ Bd7 11. Bxd7+ Qxd7 12. dxc5 Na6 13. O-O Nxc5
14. c4 Nc3 15. Qe1 Qd3 16. Bd2 N3a4 17. Bb4 b6 18. Qc1 Rd8 19. Ra2 O-O 20. Rd2
Qe4 21. Re1 Qb7 22. Red1 $14 {Maksimovic,B-Rasidovic,S/Belgrade 1988/}) (7...
f6 8. exf6 Nxf6 9. Bd3 O-O 10. O-O c4 11. Be2 Nc6 12. a4 Ne4 13. Ra3 Bd7 14.
Re1 Rf6 15. Bxc4 Nxf2 16. Kxf2 dxc4 17. Kg1 Nd8 18. Ne5 Bc6 19. Rf1 Rxf1+ 20.
Qxf1 Bd5 21. Ra1 b6 22. Ba3 Nf7 23. Nxf7 Qxf7 24. Qxf7+ Kxf7 25. Bd6 {1/2-1/2
Rueppel,G-Kemmerzell,H/Bad Zwesten 1999/}) 8. Bd3 c4 $146 {[%mdl 8]} (8... Nb6
9. O-O (9. a4 c4 10. Be2 Bd7 11. Ba3 Nxa4 12. Qd2 Ne7 13. h4 h6 14. Rh3 b5 15.
h5 a5 (15... Bc6 16. Nh4 O-O-O 17. Bg4 a5 18. Bd6 Qb7 19. Rf3 Be8 20. Rb1 Nc6
21. g3 Qb6 22. Ng2 Nb8 23. Nf4 Kb7 24. Ne2 f5 25. exf6 Qxd6 26. fxg7 Rg8 27.
Qxh6 Qe7 28. Qxe6 Qxe6 29. Bxe6 Rxg7 30. g4 $13 {Walura,K-Kludacz,M/Lubniewice
1998/}) 16. Nh4 Qb7 17. Rf3 Nf5 18. Nxf5 exf5 19. Bd6 g5 20. hxg6 fxg6 21. Qf4
Be6 22. Rb1 g5 23. Qh2 f4 24. Qh5+ Qf7 25. Qxf7+ Kxf7 26. Rxb5 Bg4 27. Rxf4+
gxf4 28. Bxg4 h5 29. Bf5 Rhd8 30. Rb7+ Kg8 31. Be6+ Kh8 32. Be7 Rf8 33. Bxf8
Rxf8 34. Bxd5 Nxc3 35. Bxc4 a4 36. Ra7 Rb8 37. f3 Rb4 38. e6 Rb8 {1-0 Iwaniuk,
D-Kludacz,M/Krynica 1997/}) 9... c4 10. Be2 Na4 11. Bd2 Bd7 12. Re1 Ne7 13. Ng5
h6 14. Nh3 O-O-O 15. Nf4 g6 16. Bf1 Kb8 17. g3 Ka8 18. Qf3 Bc6 19. h4 h5 20.
Bh3 Rdf8 21. Reb1 a5 22. Ng2 Nc8 23. Bg5 $16 {Panov,V-Liublinsky,V/Moscow 1945/
}) 9. Be2 Nb6 10. Qd2 Na4 11. Qg5 f6 12. Qe3 Bd7 13. O-O (13. Bd2 O-O-O $11)
13... O-O-O 14. Bd2 Ne7 15. exf6 gxf6 16. Nh4 Nc6 17. Bf3 (17. Qf3 Rhf8 $11)
17... Qa5 18. Bg4 Rde8 19. Rfe1 Qd8 (19... h5 $5) 20. Bh5 Re7 21. Qf3 Qf8 22.
Bf4 Rg7 23. Qe3 Qd8 24. Bh6 Re7 25. Qf3 Rg8 26. Re3 Be8 27. Bxe8 (27. Bg4 $5)
27... Rexe8 28. Rae1 f5 $2 {[%mdl 8192]} (28... e5 $142 $5) 29. Rxe6 $16 Rxe6
30. Qxf5 Qxh4 $4 (30... Qd7 $142 31. Qxe6 Qxe6 32. Rxe6 Nxc3 $16) 31. Qxe6+ $18
Kc7 32. Qf7+ $1 (32. Qxg8 $6 Qxh6 33. Qxd5 Nxc3 34. Qxc4 Qd2 $16) 32... Kb6 (
32... Kc8 33. Qxg8+ $18) 33. Rb1+ Nb2 34. Rxb2+ (34. Rxb2+ Nb4 35. Rxb4+ Kc6
36. Qxb7+ Kd6 37. Qa6+ Kd7 38. Rb7+ Kd8 39. Qd6+ Ke8 40. Qd7#) 1-0

[Event "Lasker Memorial op"]
[Site "Barlinek"]
[Date "2001.07.20"]
[Round "5"]
[White "Dworakowska, Joanna"]
[Black "Borovikov, Vladislav"]
[Result "1/2-1/2"]
[WhiteElo "2350"]
[BlackElo "2593"]
[Annotator "Konikowski,J"]
[PlyCount "38"]
[EventDate "2001.07.19"]
[EventType "swiss"]
[EventRounds "10"]
[EventCountry "POL"]
[SourceTitle "CBM 085"]
[Source "ChessBase"]
[SourceDate "2001.11.13"]
[SourceVersion "1"]
[SourceVersionDate "2001.11.13"]
[SourceQuality "1"]

1. e4 e6 2. d4 d5 3. Nc3 Bb4 4. e5 c5 5. a3 Ba5 6. b4 cxd4 7. Nb5 Bc7 8. f4 Bd7
9. Nxc7+ Qxc7 10. Nf3 a6 (10... Ba4 11. Bd3 Qc3+ 12. Bd2 Qxd3 13. cxd3 Bxd1 14.
Kxd1 a6 15. Nxd4 Ne7 16. b5 Kd7 17. Bb4 axb5 18. Kd2 Nbc6 19. Nxb5 Nxb4 20.
axb4 Nc6 21. Kc3 f6 22. d4 fxe5 23. fxe5 Rxa1 24. Rxa1 Rf8 25. Nd6 Kc7 26. b5
Ne7 27. Ra7 Rb8 28. Ra1 Rf8 {1/2-1/2 Berndt,S-Tischbierek,R/Fuerstenfeld AUT
2001/}) 11. Bb2 (11. a4 Ne7 12. Bd3 Nf5 13. O-O Nc6 14. Qe1 Qb6 15. Rb1 Nce7
16. b5 axb5 17. axb5 Ne3 18. Rf2 Nc4 19. h3 Nf5 20. Re2 h5 21. Qf2 Ra4 22. Re1
g6 23. Bxf5 exf5 24. Nxd4 O-O 25. c3 $14 {Anand,V-Lputian,S/Wijk aan Zee 2000/}
) 11... Ne7 $146 {[%mdl 8]} (11... Nc6 12. Bd3 Nge7 13. O-O g6 14. Kh1 Qb6 15.
Qd2 Rc8 16. Qf2 Qc7 17. Rac1 h5 18. Rfe1 Ng8 19. Nxd4 Nh6 20. Nxc6 Bxc6 21. Bd4
Bb5 22. Bc5 Ng4 23. Qe2 Bxd3 24. cxd3 Qd8 25. Bd6 Rc6 26. Rxc6 bxc6 27. Kg1
Qb6+ 28. Bc5 Qb5 29. Qc2 Kd7 30. a4 $16 {Held,P-Namyslo,H/Wuerttemberg 1993/})
12. Nxd4 Nbc6 13. Nf3 (13. Be2 Nxd4 14. Bxd4 Nf5 $11) 13... Nf5 (13... Qb6 $5)
14. Bd3 Nce7 15. Qe2 h5 16. O-O Qb6+ 17. Qf2 Qxf2+ 18. Rxf2 Bb5 19. Bxf5 Nxf5
1/2-1/2

[Event "Zlin-B"]
[Site "Zlin"]
[Date "1995.??.??"]
[Round "?"]
[White "Macieja, Bartlomiej"]
[Black "Cech, Pavel"]
[Result "1-0"]
[WhiteElo "2395"]
[BlackElo "2360"]
[Annotator "Konikowski,J"]
[PlyCount "75"]
[EventDate "1995.??.??"]
[EventType "tourn"]
[EventRounds "9"]
[EventCountry "CZE"]
[EventCategory "5"]
[SourceTitle "CBM 049 Extra"]
[Source "ChessBase"]
[SourceDate "1996.01.01"]
[SourceVersion "1"]
[SourceVersionDate "1996.01.01"]
[SourceQuality "1"]

1. e4 e6 2. d4 d5 3. Nc3 Bb4 4. e5 c5 5. a3 Bxc3+ 6. bxc3 Ne7 7. Qg4 Qc7 8. Bd3
c4 9. Be2 Nf5 10. Nf3 Nc6 11. Nh4 Nce7 12. O-O h6 (12... Nxh4 $5 13. Qxh4 O-O
$13) 13. a4 Bd7 14. Ba3 $5 Nxh4 15. Qxh4 Ng6 (15... Nf5 16. Qh3 Bxa4 17. g4 Ne7
18. Bxe7 Qxe7 19. Rxa4 $18) 16. Qg3 Bxa4 17. Ra2 Qd8 18. f4 (18. Bh5 Qg5 (18...
Qh4 $5 19. Bxg6 Qxg3 20. Bxf7+ Kxf7 21. fxg3+ Kg6 $10) 19. Qxg5 hxg5 20. Bxg6
fxg6 21. Bc1 Bc6 22. Bxg5 a5 $132) 18... Bd7 19. Bh5 Qh4 20. Qf3 Nxf4 21. Bg4
h5 22. Qxf4 hxg4 23. Qxf7+ Kd8 24. Bd6 $1 (24. Qxg7 Qxh2+ 25. Kf2 Qf4+ 26. Ke1
Qe4+ 27. Kd1 Kc7 $17) 24... Qxh2+ 25. Kf2 Kc8 26. Qxg7 g3+ 27. Ke3 Rd8 28. Rf8
Qg1+ 29. Kd2 Qxg2+ 30. Kc1 Qh1+ 31. Kb2 Qh5 (31... g2 32. Rxd8+ Kxd8 33. Qe7+
Kc8 34. Qf8+ $18) 32. Rxd8+ Kxd8 33. Ra1 g2 34. Qxg2 b6 35. Rh1 Qf7 36. Rf1 Qh5
(36... Qh7 37. Rf8+ Be8 38. Qg5+ Kd7 39. Qf6 Rc8 (39... Kc6 40. Qxe6 Bd7 41.
Qf6 Rxf8 42. Qxf8 Qf5 43. Qa8+ Kb5 44. Qxd5+ Ka6 45. Qxc4+ Bb5 46. Qa2+ Kb7 47.
c4 $18) 40. Rh8 Qf7 41. Qh4 Kc6 42. Rh7 Qg6 43. Qe7 Kb5 44. Qxa7 $18) 37. Rf8+
Be8 38. Qg7 1-0

[Event "Budapest FS03 GM"]
[Site "Budapest"]
[Date "1996.??.??"]
[Round "9"]
[White "Videki, Sandor"]
[Black "Totsky, Leonid"]
[Result "0-1"]
[WhiteElo "2460"]
[BlackElo "2430"]
[Annotator "Kortschnoj,V"]
[PlyCount "48"]
[EventDate "1996.03.??"]
[EventType "tourn"]
[EventRounds "13"]
[EventCountry "HUN"]
[EventCategory "9"]
[SourceTitle "CBM 053"]
[Source "ChessBase"]
[SourceDate "1996.08.01"]
[SourceVersion "1"]
[SourceVersionDate "1996.08.01"]
[SourceQuality "1"]

1. e4 {Knaak} e6 2. d4 d5 3. Nc3 Bb4 4. e5 c5 5. a3 Bxc3+ 6. bxc3 Ne7 7. Qg4
Qc7 8. Qxg7 Rg8 9. Qxh7 cxd4 10. Ne2 dxc3 $5 (10... Nbc6 11. f4 Bd7 12. Qd3
dxc3) 11. f4 Bd7 12. Qd3 (12. Nd4 $5 Qb6 13. Be3 Qb2 $2 14. Nb3 $1 $18 {/\Bc1})
12... Nf5 {Knaak: wenig gespielt} 13. Nd4 {Knaak:sieht seltsam aus, führt aber
auch schnell zu klarem Vorteil.} (13. Nxc3 Na6 $13 {the idea of D.Bronstein}) (
13. Rg1 {Knaak}) (13. Nxc3) (13. g4) 13... Nxd4 14. Qxd4 Nc6 {Knaak:Gibt den
Bauern zu schnell auf.} (14... Qa5) 15. Qxc3 Qb6 16. Qd3 Nd4 $1 {Totally
unexpected. In a similar position black plays usually Tc8 or 0-0-0, followed
by d5-d4.} 17. c3 Nb3 18. Be3 (18. Rb1 Nxc1 (18... Ba4 $5 {like in the game})
19. Rxc1 Qb2 20. Qd2 $1 (20. Rb1 Qxa3 21. Rxb7 $2 Qc1+ $19) 20... Qxa3 21. Bd3
$10) (18. Qh7 {Knaak  Fritz} Rf8 19. Rb1) 18... Qa5 19. Rb1 Ba4 (19... Qxa3 {
Knaak}) 20. Kf2 Rc8 21. Qh7 $2 (21. Bd4 Nxd4 (21... Rc4 22. Rxb3 Bxb3 23. Qh7
$1) (21... a6 22. Be2) 22. Qxd4 (22. cxd4 {Knaak} Rc3 (22... Bc2 23. Qb5+ Qxb5
24. Rxb5 b6 $13) 23. Qh7 Rc2+ 24. Kg1 Rf8 $13) 22... Rxc3 23. Be2 {White would
consolidate his position}) 21... Rf8 22. Bd3 (22. Be2 {Knaak} Rxc3 23. Rhd1 Nc5
$17) 22... Rxc3 23. Rhe1 {This move is a blunder, but to find a good one is
hardly possible.} d4 24. Bc1 Nxc1 (24... Nxc1 25. Rexc1 Rxc1 26. Rxc1 Qd2+ $19)
0-1

[Event "Baden-Baden-B"]
[Site "Baden-Baden"]
[Date "1992.12.14"]
[Round "9"]
[White "Mainka, Romuald"]
[Black "Uhlmann, Wolfgang"]
[Result "0-1"]
[WhiteElo "2550"]
[BlackElo "2480"]
[Annotator "Kortschnoj,V"]
[PlyCount "58"]
[EventDate "1992.12.??"]
[EventType "tourn"]
[EventRounds "11"]
[EventCountry "GER"]
[EventCategory "11"]
[SourceTitle "CBM 033"]
[Source "ChessBase"]
[SourceDate "1993.04.01"]
[SourceVersion "1"]
[SourceVersionDate "1993.04.01"]
[SourceQuality "1"]

1. e4 e6 2. d4 d5 3. Nc3 Bb4 4. e5 Ne7 5. a3 Bxc3+ 6. bxc3 c5 7. h4 Nbc6 8. h5
Qa5 9. Bd2 Bd7 10. h6 gxh6 11. Nf3 O-O-O 12. a4 Rdg8 13. g3 Rg4 14. Bd3 Qc7 {
While white,having neglected development of his pieces,pushed his h-pawn far
ahead inorder to create weaknesses in black`s camp,black properly used given
him time,and threatens already to destroy white`s pawn center.} 15. Nh2 {
The only way to protect pawn d4.After 15.Le3 black,besides 15...Sf5 can play
15...cd 16.cd Sd4!? 17.Sd4 Dc3 18.Kf1 Td4 with an active position.} Rgg8 16.
Nf3 Rg4 {The position is still equal-repetition of moves should be a logical
end of the game.} 17. Kf1 $2 cxd4 18. Nxd4 Nxe5 19. Be2 {After 19.f4 black had
various opportunities:19...Sc4 20.Dg4 Sd2 21.Kg2 Dc3,or 19...Sd3 20.Dg4 Tg8!
21.Dh4 Sc5 with a strong initiative in both cases.} Re4 $1 {Black threatens
with positional sacriface:Te2!} 20. Bd3 Nc4 21. Rxh6 e5 {Every move of black
deserves an exclamation mark-white is already lost.} 22. Nb5 Qc5 23. Bxe4 dxe4
24. Bc1 Nf5 25. Rh5 Rg8 26. Qe2 e3 27. Na3 Nxa3 28. Bxa3 Qxc3 29. Rd1 exf2 0-1

[Event "Schahin Cury"]
[Site "Americana"]
[Date "1997.07.11"]
[Round "4"]
[White "Vescovi, Giovanni P"]
[Black "De Toledo, James Mann"]
[Result "0-1"]
[WhiteElo "2480"]
[BlackElo "2395"]
[Annotator "Kortschnoj,V"]
[PlyCount "58"]
[EventDate "1997.07.08"]
[EventType "tourn"]
[EventRounds "10"]
[EventCountry "BRA"]
[EventCategory "9"]
[SourceTitle "CBM 061"]
[Source "ChessBase"]
[SourceDate "1997.11.23"]
[SourceVersion "1"]
[SourceVersionDate "1997.11.23"]
[SourceQuality "1"]

1. d4 e6 2. e4 d5 3. Nc3 Bb4 4. e5 c5 5. a3 Bxc3+ 6. bxc3 Ne7 7. Qg4 Qc7 8.
Qxg7 Rg8 9. Qxh7 cxd4 10. Ne2 Nbc6 11. f4 Bd7 12. Qd3 dxc3 13. Nxc3 a6 14. Rb1
Rc8 15. Ne2 Na7 $1 $44 (15... Nf5 16. h3 Nce7 17. g4 Nh4 18. Nd4 Nc6 19. Nxc6
Qxc6 20. Rh2 Rh8 21. Kd1 Qc7 22. Qb3 Qc5 23. Qb6 Qxb6 24. Rxb6 Bc6 25. Rf2 d4
26. Bb2 Bd5 27. Bxd4 Nf3 28. c4 Be4 29. Rd6 Ng1 30. Kd2 Kf8 31. Ke3 Bc6 32. f5
exf5 33. Rxf5 Rh7 34. e6 Re8 35. Kf2 Nxh3+ 36. Bxh3 Rxh3 37. exf7 Rh2+ 38. Kg3
{1-0 Chandler,M-Timman,J/Linares 1988/CBM 06}) (15... Na5 16. Nd4 Ba4 17. Bd2
Nec6 18. Nxc6 Qxc6 19. Qh7 Rg6 20. Bd3 Bxc2 21. Rc1 Bxd3 22. Rxc6 Nxc6 23. g3
Nd4 24. Kf2 Rc2 25. Qh8+ Kd7 26. Ke3 Be4 27. Rc1 Nf5+ 28. Ke2 Rh6 29. Qb8 Rxh2+
30. Ke1 Rh1+ 31. Ke2 Nxg3+ 32. Ke3 Nf5+ 33. Ke2 Nd4+ {0-1 Nepali,B-Mahmoud,P/
Calcutta op 1996/EXP 50}) 16. Be3 Nb5 17. Ng3 $146 (17. Rb3 Nf5 18. Bf2 Qa5+
19. Qd2 Qa4 20. Ng3 Nbd4 21. Bd3 Nxg3 22. Bxg3 Nxb3 23. cxb3 Qxb3 24. O-O Rc3
25. Rf3 Qxa3 26. Be1 Qc5+ 27. Kh1 d4 28. f5 Bc6 29. Rf2 Qxe5 30. fxe6 fxe6 31.
Re2 Rxg2 32. Rxe5 Rxd2+ 33. Be4 Bxe4+ 34. Rxe4 Rd1 {0-1 Van Riemsdijk,
H-Szmetan,J/Buenos Aires BCA op 1988/EXT 88op2}) (17. a4 d4 18. Bf2 Nc3 $44)
17... Nc3 18. Bb6 (18. Rb4 Bb5 19. Qd2 Bxf1 20. Kxf1 a5 $1 21. Bb6 (21. Rd4 Nb5
$44 (21... Nf5 $44)) 21... Qc6 22. Bxa5 $2 Qa6+ $19) 18... Qc6 19. Rb4 Ne4 20.
Nh5 (20. Rxe4 dxe4 21. Nxe4 Nd5 22. Nd6+ Ke7 23. Nxc8+ Rxc8 24. Ba5 Qxc2 $15)
20... Rg6 21. Kd1 $6 (21. Rb2 Qa4 {/\} 22. Z0 (22. c4 $5) 22... Rc3 $17) 21...
Nf5 22. Nf6+ Rxf6 $1 23. exf6 d4 $19 24. Ke1 Qxc2 25. Qxc2 Rxc2 26. Rb1 (26.
Bxd4 a5 27. Rxb7 Rc1+ 28. Ke2 Nxd4+ 29. Ke3 Nf5+ 30. Kxe4 Nd6+ $19) 26... Nc3
27. Ra1 (27. Bd3 $142) 27... Bc6 28. Bd3 Rxg2 29. Rf1 Be4 $1 0-1